000 00803nam a22002297a 4500
003 UA-OsUOA
001 37706
007 ta
008 20070507b un ||||| |||| 00| 0 ukr d
090 _a09-94(477)
_bГ91
942 _cBK
040 _aUA-OsUOA
_bukr
_cUA-OsUOA
_dUA-OsUOA
245 _aЗ починів українського соціялістичного руху. Мих. Драгоманов і женевський соціялістичний гурток
_cЗладив М. Грушевський
300 _a207 с.
955 _a1
041 _aukr
080 _a09-94(477)
260 _aВідень
_c1922
250 _nВидання Українського Соціологічного Інституту
650 7 _a0 Загальний відділ.
_2UDC
999 _c436234
_d436234